|
|
|
|
| LEADER |
03486nam a2200685 4500 |
| 001 |
ocn862041552 |
| 003 |
OCoLC |
| 005 |
20170124071729.5 |
| 006 |
m o d |
| 007 |
cr ||||||||||| |
| 008 |
131031s2014 nju ob 001 0 eng |
| 010 |
|
|
|a 2013043849
|
| 040 |
|
|
|a DLC
|b eng
|e rda
|e pn
|c DLC
|d N$T
|d E7B
|d YDXCP
|d DG1
|d UPM
|d COO
|d OCLCO
|d EBLCP
|d OCLCQ
|d DG1
|d GrThAP
|
| 019 |
|
|
|a 961621262
|a 962567676
|
| 020 |
|
|
|a 9781118325971
|q (ePub)
|
| 020 |
|
|
|a 1118325974
|q (ePub)
|
| 020 |
|
|
|a 9781118325964
|q (Adobe PDF)
|
| 020 |
|
|
|a 1118325966
|q (Adobe PDF)
|
| 020 |
|
|
|a 9781118325940
|q (electronic bk.)
|
| 020 |
|
|
|a 111832594X
|q (electronic bk.)
|
| 020 |
|
|
|a 1405186550
|q (hardback)
|
| 020 |
|
|
|a 9781405186551
|q (hardback)
|
| 020 |
|
|
|z 9781405186551
|q (hardback)
|
| 029 |
1 |
|
|a NZ1
|b 15756075
|
| 029 |
1 |
|
|a NZ1
|b 15920482
|
| 029 |
1 |
|
|a DEBBG
|b BV042141790
|
| 035 |
|
|
|a (OCoLC)862041552
|z (OCoLC)961621262
|z (OCoLC)962567676
|
| 042 |
|
|
|a pcc
|
| 050 |
0 |
0 |
|a PE1580
|
| 072 |
|
7 |
|a LIT
|x 004120
|2 bisacsh
|
| 082 |
0 |
0 |
|a 820.9/11203
|2 23
|
| 084 |
|
|
|a LIT004020
|2 bisacsh
|
| 049 |
|
|
|a MAIN
|
| 100 |
1 |
|
|a Cuddy-Keane, Melba.
|
| 245 |
1 |
0 |
|a Modernism keywords /
|c Melba Cuddy-Keane, Adam Hammond and Alexandra Peat.
|
| 250 |
|
|
|a First edition.
|
| 264 |
|
1 |
|a Hoboken, New Jersey :
|b Wiley-Blackwell,
|c 2014.
|
| 300 |
|
|
|a 1 online resource.
|
| 336 |
|
|
|a text
|b txt
|2 rdacontent
|
| 337 |
|
|
|a computer
|b c
|2 rdamedia
|
| 338 |
|
|
|a online resource
|b cr
|2 rdacarrier
|
| 490 |
1 |
|
|a Keywords in literature and culture
|
| 500 |
|
|
|a Includes index.
|
| 520 |
|
|
|a "Modernism: Keywords presents a series of short entries explaining the diverse and often contradictory meanings of words used with frequency and urgency in "written modernism"--
|c Provided by publisher.
|
| 588 |
0 |
|
|a Print version record and CIP data provided by publisher.
|
| 505 |
0 |
|
|a Machine generated contents note: A -- Advertising -- Atom, Atomic -- Avant-Garde -- B -- Best seller -- Bigness, Smallness -- Biography, New Biography -- C -- Common Man -- Common Mind, Group Thinking -- Conventional, Conventionality -- Coterie, Bloomsbury -- D -- Democracy -- Difficulty, Obscurity -- E -- Einstein -- Empire, Imperialism -- F -- Fascism -- Form, Formalism -- G -- God, Gods -- H -- Hamlet -- Highbrow, Middlebrow, Lowbrow -- Hygiene -- I -- Impression, Impressionism -- International, Internationalism -- M -- Manifesto -- Modern, Modernism -- N -- Negro, New Negro -- P -- Personality, Impersonality -- Primitive -- Propaganda -- Q -- Queer, Gay -- R -- Race -- Readers, Reading -- Reality, Realism -- Rhythm -- S -- Sentimental, Sentimentality -- Shock, Shell Shock -- U -- Unconscious -- Universal -- W -- Woman, New Woman -- Words, Language.
|
| 504 |
|
|
|a Includes bibliographical references and index.
|
| 650 |
|
0 |
|a English language
|x Etymology.
|
| 650 |
|
0 |
|a English language
|v Glossaries, vocabularies, etc.
|
| 650 |
|
0 |
|a Modernism (Literature)
|
| 650 |
|
0 |
|a Social structure
|x Terminology.
|
| 650 |
|
0 |
|a Culture
|x Terminology.
|
| 650 |
|
0 |
|a Sociolinguistics.
|
| 650 |
|
0 |
|a Vocabulary.
|
| 650 |
|
7 |
|a LITERARY CRITICISM
|x American
|x General.
|2 bisacsh
|
| 655 |
|
4 |
|a Electronic books.
|
| 776 |
0 |
8 |
|i Print version:
|a Cuddy-Keane, Melba.
|t Modernism keywords.
|b First Edition.
|d Hoboken : Wiley-Blackwell, 2014
|z 9781405186551
|w (DLC) 2013038470
|
| 830 |
|
0 |
|a Keywords in literature and culture.
|
| 856 |
4 |
0 |
|u https://doi.org/10.1002/9781118325940
|z Full Text via HEAL-Link
|
| 994 |
|
|
|a 92
|b DG1
|